[Event "7th Malaysia Open"]
[Site "Kuala Lumpur MAS"]
[Date "2010.09.03"]
[Round "4"]
[White "Nayan,A"]
[Black "Tan Jun Feng"]
[Result "1-0"]
[WhiteElo "2048"]
[BlackElo "1870"]
[EventDate "2010.09.01"]

1. d4 d5 2. Nf3 Nf6 3. c4 e6 4. g3 dxc4 5. Bg2 c6 6. O-O Be7 7. Ne5 O-O 8.
Nc3 Nbd7 9. Nxc4 Nb6 10. Ne5 Nbd5 11. e4 Nxc3 12. bxc3 Qc7 13. Bf4 Bd6 14.
Nd3 Bxf4 15. gxf4 b6 16. Rc1 Ba6 17. c4 Rad8 18. e5 Rxd4 19. exf6 Bxc4 20.
Qg4 g6 21. Qg5 Kh8 22. Qh6 Rg8 23. Ne5 Bxf1 24. Rxc6 Qb7 25. Bxf1 Rd1 26.
Kg2 a5 27. Ba6 Qa7 28. Rc8 1-0

[Event "7th Malaysia Open"]
[Site "Kuala Lumpur MAS"]
[Date "2010.09.03"]
[Round "4"]
[White "Azarya,J"]
[Black "Xu Yi"]
[Result "1/2-1/2"]
[WhiteElo "1730"]
[BlackElo "2039"]
[EventDate "2010.09.01"]

1. a3 e5 2. d3 d5 3. g3 c5 4. Bg2 Nc6 5. Nc3 Be6 6. e4 Nge7 7. Nge2 d4 8.
Nb1 f6 9. f4 Qd7 10. O-O h5 11. Nd2 h4 12. f5 Bf7 13. Nf3 hxg3 14. hxg3 g6
15. g4 Rg8 16. Kf2 gxf5 17. gxf5 c4 18. Rh1 O-O-O 19. Bh6 Rh8 20. Bxf8
Rdxf8 21. b4 b5 22. Qc1 Kb7 23. a4 cxd3 24. axb5 dxe2 25. bxc6+ Qxc6 26.
Qa3 Qb6 27. Kxe2 Rhg8 28. Bh3 Rc8 29. b5 Rxc2+ 30. Kd1 Rc5 31. Bf1 Nc8 32.
Rh7 Rc7 33. Rxf7 Rxf7 34. Bc4 Rgg7 35. Bxf7 Rxf7 36. Qb3 Rh7 37. Ra6 Qc7
38. Rxf6 Nb6 39. Rc6 Qg7 40. Rg6 Qc7 41. Rc6 1/2-1/2

[Event "7th Malaysia Open"]
[Site "Kuala Lumpur MAS"]
[Date "2010.09.03"]
[Round "4"]
[White "Azman Hisham,M"]
[Black "Sean,W"]
[Result "1/2-1/2"]
[WhiteElo "2046"]
[BlackElo "1789"]
[EventDate "2010.09.01"]

1. d4 d5 2. c4 dxc4 3. e3 e5 4. Bxc4 exd4 5. exd4 Bb4+ 6. Nc3 Nf6 7. Qb3
Qe7+ 8. Nge2 Nc6 9. Qd1 Bg4 10. O-O Rd8 11. f3 Nxd4 12. Nxd4 Rxd4 13. Qb3
Be6 14. Bxe6 Qxe6 15. Qa4+ Nd7 16. Nb5 Rc4 17. Nxc7+ Rxc7 18. Qxb4 Qb6+ 19.
Qxb6 Nxb6 20. Be3 O-O 21. Bxb6 axb6 22. Rf2 Rfc8 23. Re1 Kf8 24. Rfe2 Rc2
25. Kf2 g6 26. Rxc2 Rxc2+ 27. Re2 Rc7 28. Ke3 Ke7 29. g4 f6 30. h4 h5 31.
gxh5 gxh5 32. Kf4+ Kf7 33. Re4 Rc6 34. Rb4 Kg6 35. a4 Re6 36. b3 Rc6 37.
Ke4 Re6+ 38. Kf4 Rd6 39. Rb5 Re6 40. Rd5 Rc6 41. Ke4 Rc3 42. Rb5 Rc6 43.
Kd4 Rd6+ 44. Rd5 Rxd5+ 45. Kxd5 Kf5 46. Kd6 Kf4 47. Kc7 Kxf3 48. Kxb7 f5
49. Kxb6 Kg3 50. a5 f4 51. a6 f3 52. a7 f2 1/2-1/2

[Event "7th Malaysia Open"]
[Site "Kuala Lumpur MAS"]
[Date "2010.09.03"]
[Round "4"]
[White "Verdiana,N"]
[Black "Spiller,P"]
[Result "1-0"]
[WhiteElo "1899"]
[BlackElo "1986"]
[EventDate "2010.09.01"]

1. e4 g6 2. d4 Bg7 3. Be3 d6 4. Nf3 a6 5. c4 Nd7 6. Nc3 e6 7. Qd2 h6 8. Bd3
Ne7 9. b4 e5 10. dxe5 dxe5 11. Rd1 f5 12. Qe2 f4 13. Bc1 c5 14. a3 O-O 15.
Bb2 g5 16. h3 b6 17. Bc2 Nc6 18. Nd5 Nd4 19. Bxd4 exd4 20. e5 Nxe5 21. Nxe5
Bxe5 22. Qxe5 Bg4 23. Ne7+ 1-0

[Event "7th Malaysia Open"]
[Site "Kuala Lumpur MAS"]
[Date "2010.09.03"]
[Round "4"]
[White "Nakvanich,S"]
[Black "Low,J"]
[Result "0-1"]
[WhiteElo "1921"]
[BlackElo "1914"]
[EventDate "2010.09.01"]

1. e4 c5 2. Nc3 d6 3. f4 g6 4. Bb5+ Bd7 5. Bxd7+ Qxd7 6. d3 Bg7 7. Nf3 Nc6
8. O-O f5 9. Bd2 Nf6 10. Kh1 Ng4 11. Qe1 Nd4 12. Nxd4 Bxd4 13. h3 Nf6 14.
Rb1 O-O 15. exf5 gxf5 16. Ne2 Nd5 17. Nxd4 cxd4 18. Qg3+ Kf7 19. Rbe1 Rg8
20. Qf2 Qc6 21. Bc1 Rg6 22. Re2 Rag8 23. Rg1 Nf6 24. Qxd4 b5 25. c4 Rh6 26.
Qe3 Qb7 27. cxb5 Ng4 28. Qg3 Nf2+ 29. Kh2 Rxg3 30. Kxg3 Nxd3 31. a4 Qd5 32.
Rd1 Qc4 33. Be3 Nxf4 34. Bxf4 Qxe2 35. Rd2 Rg6+ 36. Kh4 Qe4 37. Kh5 e5 0-1

[Event "7th Malaysia Open"]
[Site "Kuala Lumpur MAS"]
[Date "2010.09.04"]
[Round "5"]
[White "Cao,S"]
[Black "Satyapragyan,S"]
[Result "1-0"]
[WhiteElo "2535"]
[BlackElo "2451"]
[EventDate "2010.09.01"]

1. e4 e6 2. d4 d5 3. Nc3 Bb4 4. e5 c5 5. a3 Bxc3+ 6. bxc3 Qa5 7. Bd2 Qa4 8.
Qg4 g6 9. Qf4 Nc6 10. Nf3 h6 11. dxc5 Qxf4 12. Bxf4 g5 13. Bg3 Nge7 14. h4
g4 15. Nd4 b6 16. cxb6 Nxd4 17. cxd4 axb6 18. Bb5+ Kd8 19. h5 Nf5 20. c3
Ba6 21. Be2 Bxe2 22. Kxe2 Kc7 23. Bf4 Ra6 24. g3 Rha8 25. f3 gxf3+ 26. Kf2
Rxa3 27. Rxa3 Rxa3 28. g4 Ne7 29. Bxh6 Rxc3 30. Bg5 Kd7 31. h6 Ng6 32. h7
Rc8 33. Bf6 b5 34. Kxf3 b4 35. Ke3 1-0

[Event "7th Malaysia Open"]
[Site "Kuala Lumpur MAS"]
[Date "2010.09.04"]
[Round "5"]
[White "Wan Yunguo"]
[Black "Laxman,R"]
[Result "1-0"]
[WhiteElo "2450"]
[BlackElo "2498"]
[EventDate "2010.09.01"]

1. e4 e5 2. Nf3 Nc6 3. Bb5 a6 4. Ba4 Nf6 5. O-O Be7 6. Re1 b5 7. Bb3 O-O 8.
c3 d6 9. h3 Na5 10. Bc2 c5 11. d4 Nd7 12. d5 Nb6 13. Nbd2 f5 14. exf5 Bxf5
15. Bxf5 Rxf5 16. Ne4 Qd7 17. Bg5 Raf8 18. b3 Bxg5 19. Nfxg5 h6 20. Ne6 Re8
21. Qg4 Rf7 22. Rad1 Nb7 23. Qg6 Nxd5 24. N6g5 hxg5 25. Rxd5 Re6 26. Qxg5
Rf4 27. Qh5 Qc6 28. c4 Rh6 29. Qd1 Qc7 30. Qd3 bxc4 31. bxc4 Na5 32. g3 Rf8
33. Rxd6 Rxd6 34. Nxd6 Rd8 35. Qd5+ Kh8 36. Qe4 g6 37. Qh4+ Kg7 38. Ne4 1-0

[Event "7th Malaysia Open"]
[Site "Kuala Lumpur MAS"]
[Date "2010.09.04"]
[Round "5"]
[White "Sethuraman,S"]
[Black "Wang Chen"]
[Result "1/2-1/2"]
[WhiteElo "2535"]
[BlackElo "2404"]
[EventDate "2010.09.01"]

1. e4 c5 2. Nf3 e6 3. d4 cxd4 4. Nxd4 Nf6 5. Nc3 Bb4 6. e5 Nd5 7. Qg4 g6 8.
Bd2 O-O 9. Bd3 d6 10. Nf3 Nc6 11. exd6 Nxc3 12. bxc3 e5 13. Qc4 Bxd6 14.
Ng5 Kg7 15. O-O Be7 16. Qh4 h6 17. Ne6+ Bxe6 18. Qxh6+ Kg8 19. Bxg6 fxg6
20. Qxg6+ Kh8 21. Qh6+ Kg8 22. Qxe6+ Rf7 23. Rad1 Qc8 24. Qb3 Na5 25. Qd5
Nc4 26. Bc1 Qc6 27. Qd3 b5 28. Qe2 Rg7 29. f3 Kh8 30. g3 Rf8 31. Kg2 Bg5
32. Bxg5 Rxg5 33. Rd3 Rgf5 34. Re1 R5f6 35. Qe4 Kg8 36. Qxc6 Rxc6 37. Re4
Rff6 38. Kf2 Kf7 39. Rd7+ Ke6 40. Rxa7 Nd6 41. Re3 Rf7 42. Ra8 Rfc7 43. a4
Rxc3 44. Rxc3 Rxc3 45. axb5 Rxc2+ 1/2-1/2

[Event "7th Malaysia Open"]
[Site "Kuala Lumpur MAS"]
[Date "2010.09.04"]
[Round "5"]
[White "Wang Li"]
[Black "Xu Yuhua"]
[Result "0-1"]
[WhiteElo "2391"]
[BlackElo "2475"]
[EventDate "2010.09.01"]

1. d4 e6 2. c4 Nf6 3. Nc3 Bb4 4. Qc2 c5 5. dxc5 Bxc5 6. Nf3 b6 7. Bf4 Bb7
8. e4 Nc6 9. Rd1 O-O 10. Be2 e5 11. Nxe5 Nd4 12. Qd2 Nxe4 13. Nxe4 Bxe4 14.
O-O d6 15. Nd3 Qf6 16. Bg3 Rfe8 17. Rfe1 Bc6 18. b4 Rxe2 19. Qf4 Rxe1+ 20.
Rxe1 Qxf4 21. Bxf4 Nc2 22. Rb1 Bd4 23. Rc1 Ba4 24. Bxd6 Rc8 25. c5 f6 26.
g4 Kf7 27. Kg2 bxc5 28. bxc5 a5 29. Kg3 Nb4 30. Rc4 Bb5 31. Rxd4 Nxd3 32.
a4 Ba6 33. Re4 Nxc5 34. Re7+ Kg8 35. Bc7 Kf8 36. Bd6 Rc6 37. Rc7+ Rxd6 38.
Rxc5 Rd3+ 0-1

[Event "7th Malaysia Open"]
[Site "Kuala Lumpur MAS"]
[Date "2010.09.04"]
[Round "5"]
[White "Tan Zhongyi"]
[Black "Lim,C"]
[Result "1/2-1/2"]
[WhiteElo "2461"]
[BlackElo "2302"]
[EventDate "2010.09.01"]

1. d4 Nf6 2. c4 g6 3. Nc3 Bg7 4. Nf3 d6 5. Bg5 h6 6. Bh4 c5 7. dxc5 Qa5 8.
Bxf6 Bxf6 9. cxd6 Bxc3+ 10. bxc3 Qxc3+ 11. Nd2 exd6 12. g3 Bd7 13. Bg2 Bc6
14. O-O Bxg2 15. Kxg2 O-O 16. Rc1 Qe5 17. Nf3 Qe7 18. Qd2 Kh7 19. Rfd1 Nc6
20. Qxd6 Qxe2 21. Qc7 Rab8 22. Rd7 Kg7 23. Re1 Qxc4 24. Nd4 Rbe8 25. Rxe8
Rxe8 26. Nxc6 Qe4+ 27. Kg1 Qb1+ 28. Kg2 Qe4+ 29. Kg1 Qb1+ 30. Kg2 Qe4+
1/2-1/2

[Event "7th Malaysia Open"]
[Site "Kuala Lumpur MAS"]
[Date "2010.09.04"]
[Round "5"]
[White "Udani,I"]
[Black "Roy Chowdhury,S"]
[Result "1/2-1/2"]
[WhiteElo "2255"]
[BlackElo "2457"]
[EventDate "2010.09.01"]

1. d4 e6 2. c4 b6 3. Nc3 Bb7 4. a3 g6 5. e4 Bg7 6. Nf3 d6 7. Bd3 Nd7 8. O-O
Ngf6 9. d5 O-O 10. Bg5 h6 11. Bd2 Qe7 12. Re1 a5 13. b4 Ng4 14. Rc1 axb4
15. axb4 c5 16. Nb5 Nge5 17. Nxe5 Nxe5 18. Bc3 Ba6 19. Bf1 Bxb5 20. cxb5 g5
21. bxc5 dxc5 22. Ra1 exd5 23. exd5 Qd6 24. Ra6 Rae8 25. Bxe5 Bxe5 26. g3
Re7 27. Qf3 Rfe8 28. Rd1 Bd4 29. Bd3 Re5 30. Kg2 Kg7 1/2-1/2

[Event "7th Malaysia Open"]
[Site "Kuala Lumpur MAS"]
[Date "2010.09.04"]
[Round "5"]
[White "Guo Qi"]
[Black "Ashwin,J"]
[Result "1-0"]
[WhiteElo "2167"]
[BlackElo "2431"]
[EventDate "2010.09.01"]

1. d4 Nf6 2. c4 g6 3. Nc3 Bg7 4. e4 d6 5. Nf3 O-O 6. Be2 Bg4 7. Be3 Nfd7 8.
Ng1 Bxe2 9. Ngxe2 a6 10. O-O c5 11. dxc5 dxc5 12. f4 e5 13. f5 Nc6 14. Nd5
f6 15. Nc1 Rc8 16. Nd3 Nd4 17. Bxd4 cxd4 18. Qb3 Rf7 19. Rac1 b6 20. Qa4 a5
21. Rc2 Nc5 22. Nxc5 bxc5 23. Rf3 Rb8 24. Qa3 Rfb7 25. Rff2 Rc8 26. fxg6
hxg6 27. Qg3 g5 28. Rf3 Rc6 29. Rcf2 Rf7 30. Qg4 a4 31. h4 gxh4 32. Qg6 Qa5
33. Kf1 Qa6 34. Rc2 Rb6 35. Ke2 Kf8 36. Nxb6 Qxb6 37. Kd3 Qa5 38. Rf1 a3
39. b3 Ke7 40. Qh5 Rf8 41. Qxh4 Rh8 42. Qe1 Qd8 43. Rcf2 Rh6 44. Qd2 Qb6
45. Kc2 Rg6 46. Rh1 Qb7 47. Re2 Rg3 48. Kb1 Kf7 49. Rh3 Rg4 50. Qd3 Kg8 51.
Kc2 f5 52. Qf3 Rxe4 53. Kd3 Qb4 54. Qxf5 Rf4 55. Qe6+ Kf8 56. Kc2 Qb7 57.
Rh5 Qb4 58. Rf5+ Rxf5 59. Qxf5+ Kg8 60. Qe6+ Kh8 61. Qh3+ Kg8 62. Qf3 Qb6
63. g4 Qg6+ 64. Qf5 Qh6 65. g5 Qh5 66. Kd3 Qh1 67. Qe6+ Kh7 68. Qf5+ Kg8
69. Kd2 Qg1 70. Qe6+ Kf8 71. Qf5+ Kg8 72. Kc2 d3+ 73. Qxd3 Qxg5 74. Qd5+
Kh7 75. Rh2+ Bh6 76. Qe4+ Kh8 77. Qa8+ Kh7 78. Qe4+ Kh8 79. Qa8+ Kh7 80.
Qb7+ Kh8 81. Qc8+ Kg7 82. Qd7+ Kh8 83. Qd1 Qf5+ 84. Qd3 Qf4 85. Rh1 e4 86.
Qc3+ Kg8 87. b4 Bg7 88. Qd2 Qf3 89. Qd5+ Kf8 90. Qxc5+ Kg8 91. Qd5+ Kf8 92.
Qc5+ Kg8 93. Qc8+ Kf7 94. Qh3 Qe2+ 95. Kb3 Qb2+ 96. Ka4 Qxa2 97. Qf5+ Ke7
98. Qxe4+ Kd7 99. Rd1+ 1-0

[Event "7th Malaysia Open"]
[Site "Kuala Lumpur MAS"]
[Date "2010.09.04"]
[Round "5"]
[White "Jia,H"]
[Black "Xiu,D"]
[Result "1/2-1/2"]
[WhiteElo "2373"]
[BlackElo "2521"]
[EventDate "2010.09.01"]

1. d4 Nf6 2. Nf3 d5 3. c4 e6 4. Nc3 Bb4 5. cxd5 exd5 6. Bg5 h6 7. Bxf6 Qxf6
8. e3 O-O 9. Qb3 c5 10. dxc5 Bxc3+ 11. Qxc3 Qxc3+ 12. bxc3 Nd7 13. Rd1 Nxc5
14. Rxd5 b6 15. Rd4 Be6 16. Bc4 Rac8 17. Nd2 Bxc4 18. Rxc4 b5 19. Rd4 Na4
20. c4 b4 21. Ke2 Rc6 22. a3 bxa3 23. Ra1 a2 24. Kf1 Nc3 25. Rd3 Nb1 26.
Rxa2 Rb8 27. Nxb1 Rxb1+ 28. Ke2 Rxc4 29. Rxa7 Rc2+ 30. Rd2 Rxd2+ 31. Kxd2
Rg1 32. g3 Rg2 33. Ke2 Rxh2 1/2-1/2

[Event "7th Malaysia Open"]
[Site "Kuala Lumpur MAS"]
[Date "2010.09.04"]
[Round "5"]
[White "Kojima,S"]
[Black "Nguyen Anh Dung"]
[Result "0-1"]
[WhiteElo "2334"]
[BlackElo "2500"]
[EventDate "2010.09.01"]

1. e4 e5 2. Nf3 Nc6 3. Bb5 a6 4. Ba4 Nf6 5. O-O Be7 6. Re1 b5 7. Bb3 O-O 8.
h3 d6 9. c3 Re8 10. d4 Bf8 11. Nbd2 Bb7 12. d5 Nb8 13. Nf1 Nbd7 14. N3h2 c6
15. dxc6 Bxc6 16. Bg5 Qc7 17. Ng3 Qb7 18. Qf3 d5 19. Nf5 Re6 20. exd5 Nxd5
21. Qg3 Rae8 22. Nf3 Nc5 23. Bc2 e4 24. N3d4 Rg6 25. Qh4 h6 26. Bd2 e3 27.
Bxe3 Nxe3 28. Nxe3 Rxe3 29. Rxe3 Rxg2+ 30. Kf1 Bd5 31. Ke2 Bc4+ 32. Kd2 g5
33. Rg3 Rxf2+ 34. Ke3 Rxc2 35. Nxc2 Qe7+ 36. Kd2 Qe2+ 37. Kc1 Nd3+ 38. Rxd3
Bxd3 0-1

[Event "7th Malaysia Open"]
[Site "Kuala Lumpur MAS"]
[Date "2010.09.04"]
[Round "5"]
[White "Khamrakulov,D"]
[Black "Li Hanbin"]
[Result "1/2-1/2"]
[WhiteElo "2485"]
[BlackElo "2348"]
[EventDate "2010.09.01"]

1. e4 c5 2. Nf3 Nc6 3. c3 d5 4. exd5 Qxd5 5. d4 Bg4 6. Be2 e6 7. h3 Bh5 8.
Na3 Nf6 9. Be3 cxd4 10. Nb5 Qd8 11. Nbxd4 Nxd4 12. Bxd4 a6 13. Qa4+ Qd7 14.
Qxd7+ Nxd7 15. O-O-O f6 16. Rhe1 O-O-O 17. g4 Bg6 18. Nh4 Bc5 19. Bc4 e5
20. Bxc5 Nxc5 21. Nf5 Bxf5 22. gxf5 Rxd1+ 23. Rxd1 Rd8 24. Rg1 Rd7 25. Kc2
Kc7 26. Rg4 Re7 27. Bg8 h6 28. b4 Nd7 29. c4 b6 30. Kd3 Nb8 31. a3 Nc6 32.
Bd5 a5 33. bxa5 Nxa5 34. f4 exf4 35. Rxf4 Nb3 36. Rg4 Kd6 37. Kc3 Re3+ 38.
Kb2 Rxh3 39. Rxg7 Nc5 40. Ra7 Ke5 41. a4 Kd4 42. a5 b5 43. Ra8 bxc4 44. Rd8
Rh2+ 45. Kb1 Nb3 46. Bxc4+ Kxc4 47. a6 Rh1+ 48. Kb2 Ra1 49. Rd6 Ra5 50.
Rxf6 h5 51. Rc6+ Kd5 52. Rh6 Nd4 53. Rxh5 Rxa6 54. f6+ Kc4 55. Rh6 Rb6+ 56.
Kc1 Re6 57. Kd1 Re3 58. f7 Rf3 59. Rh3 Rxf7 60. Kd2 Re7 61. Rc3+ Kd5 62.
Rh3 Nf5 63. Ra3 Nd4 64. Rh3 Rg7 65. Kd3 Rg5 66. Ke3 Ne6 67. Kf2 Kd4 1/2-1/2

[Event "7th Malaysia Open"]
[Site "Kuala Lumpur MAS"]
[Date "2010.09.04"]
[Round "5"]
[White "Deshmukh,A"]
[Black "Vijayalakshmi,S"]
[Result "0-1"]
[WhiteElo "2326"]
[BlackElo "2466"]
[EventDate "2010.09.01"]

1. c4 e5 2. Nc3 Nc6 3. Nf3 Bb4 4. Nd5 Bc5 5. b4 Nxb4 6. Nxb4 Bxb4 7. Nxe5
Nf6 8. Rb1 Bd6 9. Nf3 b6 10. g3 Bb7 11. Bg2 O-O 12. O-O Re8 13. d3 h6 14.
e4 c5 15. Bb2 Nh7 16. Qd2 Nf8 17. Rfe1 f6 18. h4 Rb8 19. h5 Bc6 20. Nh4 Be5
21. Ba3 Ne6 22. f4 Bd4+ 23. Kh2 b5 24. cxb5 Rxb5 25. Rxb5 Bxb5 26. Nf5 Qb6
27. Bc1 Qa6 28. Bf1 Ba1 29. Qe2 Nd4 30. Nxh6+ gxh6 31. Qg4+ Kf7 32. Qg6+
Ke7 33. Qg7+ Kd8 34. Bg2 Bc3 35. Re3 Nc2 36. Qxh6 Nxe3 37. Bxe3 Bxd3 38. e5
fxe5 39. Qg5+ Kc8 40. f5 Qxa2 41. Kh3 Qg8 42. Qg6 Qxg6 43. fxg6 Bd4 44. Bg5
e4 45. h6 Rg8 46. g7 Bxg7 47. hxg7 Rxg7 48. Be3 Rh7+ 0-1

[Event "7th Malaysia Open"]
[Site "Kuala Lumpur MAS"]
[Date "2010.09.04"]
[Round "5"]
[White "Gao Rui"]
[Black "Mahmud,S"]
[Result "1-0"]
[WhiteElo "2450"]
[BlackElo "2312"]
[EventDate "2010.09.01"]

1. e4 e6 2. d4 d5 3. Nc3 Bb4 4. e5 c5 5. a3 Bxc3+ 6. bxc3 Qc7 7. Qg4 f5 8.
Qg3 Nc6 9. Nf3 cxd4 10. cxd4 Nge7 11. Bd2 O-O 12. Bd3 Qb6 13. c3 Bd7 14. h4
f4 15. Qg4 Nf5 16. Rb1 Qc7 17. O-O Rab8 18. Bxf4 Na5 19. Bd2 Nc4 20. Bc1
Nb6 21. Bd2 Nc4 22. Bxc4 Qxc4 23. h5 h6 24. Rfe1 Rf7 25. Qh3 b6 26. g4 Ne7
27. Nh4 Rbf8 28. f4 Qa2 29. Qd3 Ba4 30. Ra1 Qc2 31. Qxc2 Bxc2 32. Re2 Be4
33. Rh2 Rxf4 34. Bxf4 Rxf4 35. Ng2 Rxg4 36. Kf2 Nf5 37. a4 Rg3 38. Rc1 Rf3+
39. Kg1 Rg3 40. Kf2 Rf3+ 41. Kg1 Rg3 42. Kf2 Rf3+ 43. Ke1 Ng3 44. Nh4 Rf1+
45. Kd2 Rxc1 46. Kxc1 Nxh5 47. Ng2 Ng3 48. Ne3 h5 49. Rh3 Ne2+ 50. Kd2 Nf4
51. Rg3 Kh7 52. c4 Kh6 53. c5 bxc5 54. dxc5 d4 55. Nf1 Ng6 56. Rb3 Nxe5 57.
Rb8 h4 58. Rh8+ Kg5 59. Re8 Bd5 60. Re7 g6 61. Rxa7 Kg4 62. a5 Bg2 63. Ke2
Bc6 64. Re7 Bb5+ 65. Kf2 Nd3+ 66. Kg1 Nxc5 67. Rc7 Ne4 68. Rb7 Be2 69. Rb2
Nc3 70. Rb6 Kf5 71. a6 Nd5 72. Rc6 Bb5 73. Rd6 Nc7 74. a7 Ke5 75. Rb6 Bxf1
76. Kxf1 h3 77. Rb7 1-0

[Event "7th Malaysia Open"]
[Site "Kuala Lumpur MAS"]
[Date "2010.09.04"]
[Round "5"]
[White "Goh Weiming"]
[Black "Lu Yijie"]
[Result "1/2-1/2"]
[WhiteElo "2428"]
[BlackElo "2308"]
[EventDate "2010.09.01"]

1. e4 c5 2. Nf3 d6 3. d4 cxd4 4. Nxd4 Nf6 5. Nc3 a6 6. Be3 e6 7. f4 Qb6 8.
Qd3 Qxb2 9. Rb1 Qa3 10. f5 Nc6 11. fxe6 fxe6 12. Nxc6 bxc6 13. Be2 Qa5 14.
Bd2 Qc7 15. O-O Be7 16. e5 dxe5 17. Ne4 O-O 18. Nxf6+ Bxf6 19. Qe4 Bd7 20.
h4 Be8 21. h5 Qd6 22. Be3 Qd5 23. Qg4 e4 24. Rb4 c5 25. Bc4 Qxh5 26. Bxe6+
Kh8 27. Rxe4 Qxg4 28. Bxg4 Bg6 29. Bf5 Rfe8 30. Rxe8+ Rxe8 31. Bxc5 Bxf5
32. Rxf5 Rc8 33. Kf1 Kg8 34. Ke2 Kf7 35. c4 Ke6 36. Rd5 Rd8 37. Rxd8 Bxd8
1/2-1/2

[Event "7th Malaysia Open"]
[Site "Kuala Lumpur MAS"]
[Date "2010.09.04"]
[Round "5"]
[White "Vakhidov,J"]
[Black "Zeng,C"]
[Result "1/2-1/2"]
[WhiteElo "2272"]
[BlackElo "2410"]
[EventDate "2010.09.01"]

1. c4 Nf6 2. Nc3 g6 3. e4 d6 4. d4 Bg7 5. f3 O-O 6. Be3 e5 7. Nge2 c6 8.
Qd2 Nbd7 9. O-O-O a6 10. Kb1 b5 11. c5 exd4 12. Nxd4 Qc7 13. cxd6 Qxd6 14.
Bf4 Qc5 15. Be3 Qd6 16. Bf4 Qc5 17. Be3 b4 18. Nce2 Qd6 19. Qc1 Ne5 20. f4
Neg4 21. e5 Nxe5 22. fxe5 Qxe5 23. Nb3 c5 24. Ng3 Bg4 25. Bf4 Qe8 26. Re1
Qc6 27. Qxc5 Qxc5 28. Nxc5 Nd5 29. Bc1 Rfc8 30. Nce4 h6 31. Bd3 a5 32. Nf2
Bd7 33. Be4 Be6 34. Bxg6 a4 35. Bf5 a3 36. Bxe6 fxe6 37. Nfe4 b3 38. bxa3
bxa2+ 39. Kxa2 Nb4+ 40. Kb3 Nd3 41. Bd2 Bf8 42. Bb4 Rab8 43. Nc3 Nxb4 44.
axb4 Bxb4 45. Rxe6 Rxc3+ 46. Kb2 Rc7 47. Ra6 Bd2+ 48. Ka3 Rc3+ 49. Ka2 Rc2+
50. Ka3 Rc3+ 51. Ka2 Rc2+ 52. Ka3 Be3 53. Ne4 Rc4 54. Nf6+ Kg7 55. Rd1 Rc3+
56. Ka2 Rc2+ 57. Ka1 Bd2 58. Ne4 Bf4 59. Ra5 Rc6 60. Rd7+ Kh8 61. Re7 Rc1+
62. Ka2 Rc2+ 63. Ka1 Be3 64. Ra4 Rc6 65. Rd7 Rcb6 66. g3 Rb1+ 67. Ka2 Bc1
68. Rd8+ Kg7 69. Rxb8 Rxb8 70. Rc4 Be3 71. Rc3 Bd4 72. Rb3 Re8 73. Nd6 Re2+
74. Kb1 Kg6 75. Rd3 Bc5 76. h3 Rh2 77. g4 Re2 78. Nf5 h5 79. Nh4+ Kg5 80.
Nf3+ Kf4 81. gxh5 Re3 82. Rxe3 Bxe3 83. Nh4 Kg5 84. Ng2 Kxh5 85. Kc2 Ba7
86. Kd3 Bb8 87. Ke4 Bc7 88. Kf5 Bb8 1/2-1/2

[Event "7th Malaysia Open"]
[Site "Kuala Lumpur MAS"]
[Date "2010.09.04"]
[Round "5"]
[White "Aris,T"]
[Black "Duong The Anh"]
[Result "0-1"]
[WhiteElo "2241"]
[BlackElo "2420"]
[EventDate "2010.09.01"]

1. d4 e6 2. c4 b6 3. Nc3 Bb7 4. Nf3 Bb4 5. Qc2 f5 6. Bg5 Nf6 7. e3 O-O 8.
Bd3 Qe8 9. Bh4 Ne4 10. Bg3 Qh5 11. O-O-O Bxc3 12. bxc3 d6 13. Rhg1 Nd7 14.
Nd2 Ndf6 15. f3 Nxg3 16. hxg3 Qg5 17. Nf1 c5 18. Kb1 d5 19. Rh1 Rac8 20.
Qe2 Ba6 21. cxd5 Nxd5 22. Rc1 c4 23. Be4 fxe4 24. fxe4 Qg6 25. Qc2 Rxf1 0-1

[Event "7th Malaysia Open"]
[Site "Kuala Lumpur MAS"]
[Date "2010.09.04"]
[Round "5"]
[White "Wang Jue"]
[Black "Narayanan,Sr"]
[Result "0-1"]
[WhiteElo "2227"]
[BlackElo "2383"]
[EventDate "2010.09.01"]

1. e4 e5 2. Nf3 Nc6 3. Bb5 a6 4. Ba4 d6 5. O-O Bg4 6. h3 Bh5 7. Bxc6+ bxc6
8. d4 Bxf3 9. Qxf3 exd4 10. Re1 Qd7 11. c3 dxc3 12. Nxc3 f6 13. Ne2 Ne7 14.
Nf4 g6 15. Bd2 Bg7 16. Qb3 Bh6 17. Rad1 Bxf4 18. Bxf4 Qc8 19. Rd3 Rf8 20.
Bh6 Rf7 21. Rf3 Rb8 22. Qc4 Rb5 23. Bd2 Rc5 24. Qd3 Re5 25. Bc3 Re6 26.
Rfe3 f5 27. exf5 Rxe3 28. Qxe3 Qxf5 29. a4 g5 30. a5 g4 31. h4 c5 32. Re2
Kd7 33. g3 Kc6 34. Be1 Nd5 35. Qb3 Qf3 36. Qc4 Kb7 37. b4 cxb4 38. Bxb4 Ne3
39. Rxe3 Qxf2+ 40. Kh1 Qxe3 41. Qd5+ Kb8 42. Qxf7 Qe4+ 43. Kg1 Qxb4 44. Qh5
Qe1+ 45. Kg2 Qe2+ 46. Kg1 Qe3+ 47. Kg2 Qf3+ 48. Kh2 Qf2+ 49. Kh1 Qxg3 50.
Qe8+ Ka7 51. h5 Qf3+ 52. Kg1 g3 53. Qe1 Qxh5 0-1

[Event "7th Malaysia Open"]
[Site "Kuala Lumpur MAS"]
[Date "2010.09.04"]
[Round "5"]
[White "Castellano,Christo"]
[Black "Ding Yixin"]
[Result "0-1"]
[WhiteElo "2231"]
[BlackElo "2379"]
[EventDate "2010.09.01"]

1. e4 c5 2. Nf3 d6 3. d4 cxd4 4. Qxd4 Bd7 5. c4 Nc6 6. Qe3 Nf6 7. h3 g6 8.
Be2 Bg7 9. O-O O-O 10. Nc3 Rc8 11. Rb1 a6 12. Rd1 Qc7 13. b3 Rfd8 14. Bb2
Qb8 15. Bf1 Be6 16. Nd5 Nd7 17. Bxg7 Kxg7 18. Nf4 Nf8 19. a4 Kg8 20. Ng5 a5
21. Be2 Ne5 22. Nfxe6 Nxe6 23. Nxe6 fxe6 24. f4 Nd7 25. Bg4 Nc5 26. Rf1 Rf8
27. Rbe1 Rf6 28. h4 b6 29. Bh3 Rcf8 30. g4 Qe8 31. g5 R6f7 32. Re2 Qc6 33.
Bg2 Qc8 34. Bh3 Qc6 35. Bg4 e5 36. f5 Qxe4 37. Qh3 Qd4+ 38. Kh2 e4 39. h5
Qe5+ 40. Kh1 gxf5 41. g6 Rf6 42. Bf3 h6 43. Rfe1 Nd3 0-1

[Event "7th Malaysia Open"]
[Site "Kuala Lumpur MAS"]
[Date "2010.09.04"]
[Round "5"]
[White "Schebler,G"]
[Black "Xu Huahua"]
[Result "1-0"]
[WhiteElo "2474"]
[BlackElo "2079"]
[EventDate "2010.09.01"]

1. Nf3 d5 2. g3 Bg4 3. Bg2 g6 4. c4 c6 5. cxd5 cxd5 6. Ne5 Be6 7. Qa4+ Nd7
8. Nc3 Ngf6 9. Nd3 Bg7 10. Nf4 O-O 11. Nxe6 fxe6 12. O-O Nb6 13. Qb3 e5 14.
d3 Kh8 15. Bg5 e6 16. Rac1 a6 17. e4 d4 18. Na4 Nxa4 19. Qxa4 Qb6 20. Rc2
Qb5 21. Qxb5 axb5 22. a3 b4 23. axb4 Ra4 24. Bd2 Ra2 25. Bh3 Re8 26. Rfc1
h6 27. b3 Rea8 28. Bxe6 h5 29. f4 exf4 30. e5 Rxc2 31. Rxc2 Ra1+ 32. Kg2
f3+ 33. Kxf3 Nh7 34. Rc8+ Nf8 35. Bd5 Ra7 36. Re8 1-0

[Event "7th Malaysia Open"]
[Site "Kuala Lumpur MAS"]
[Date "2010.09.04"]
[Round "5"]
[White "Huang Qian"]
[Black "Lee Kim Han,E"]
[Result "1/2-1/2"]
[WhiteElo "2436"]
[BlackElo "2156"]
[EventDate "2010.09.01"]

1. d4 Nf6 2. c4 g6 3. Nc3 Bg7 4. Nf3 O-O 5. g3 d6 6. Bg2 Nc6 7. O-O a6 8.
Qd3 e5 9. dxe5 dxe5 10. Qxd8 Rxd8 11. Bg5 Be6 12. Nd2 h6 13. Bxf6 Bxf6 14.
Nde4 Be7 15. Nd5 Bxd5 16. cxd5 Nb4 17. Nc3 c6 18. dxc6 Nxc6 19. Nd5 Bf8 20.
Nb6 Rab8 21. Bxc6 bxc6 22. Nc4 e4 23. Rac1 Rd5 24. Rc2 f5 25. b3 c5 26.
Rfc1 Rbd8 27. e3 Rd1+ 28. Rxd1 Rxd1+ 29. Kg2 Kf7 30. Nb2 Rd5 31. Kf1 Ke6
32. Ke2 Kd7 33. Na4 Kc6 34. Nc3 Rd8 35. h3 h5 36. g4 hxg4 37. hxg4 Bd6 38.
Rc1 Be7 39. Nb1 Kb5 40. Nd2 Bf6 41. Rg1 Kb4 42. Nc4 a5 43. gxf5 gxf5 44.
Rg6 Rf8 45. Kd2 a4 46. Kc2 axb3+ 47. axb3 Bd8 48. Re6 Kb5 49. Nd6+ Kc6 50.
Nf7+ Kb5 51. Nd6+ Kc6 52. Nc4+ Kd7 53. Rh6 Bf6 54. Rh7+ Ke6 55. Rc7 Bh4 56.
Rc6+ Ke7 57. Rxc5 Bxf2 58. Rc7+ Ke6 59. Rc6+ Kd5 60. Rg6 Kc5 61. Re6 f4 62.
Re5+ Kc6 63. Rxe4 Bxe3 64. Nxe3 fxe3 65. Rxe3 Kc5 66. Kc3 Rf5 67. Re4 Rf3+
68. Kb2 Rf6 69. Ka3 Ra6+ 70. Ra4 Rh6 71. Ra5+ Kb6 72. Rg5 Rh4 73. Rg8 Rh6
74. Ka4 Rh4+ 75. b4 Rh6 76. Rb8+ Kc7 77. Rb5 Rh1 78. Rg5 Kb6 79. Rg6+ Kb7
80. Ka5 Rh5+ 1/2-1/2

[Event "7th Malaysia Open"]
[Site "Kuala Lumpur MAS"]
[Date "2010.09.04"]
[Round "5"]
[White "Hukom,D"]
[Black "Swapnil,SD"]
[Result "0-1"]
[WhiteElo "2130"]
[BlackElo "2425"]
[EventDate "2010.09.01"]

1. e4 c6 2. d4 d5 3. exd5 cxd5 4. Bd3 Nc6 5. Nf3 Bg4 6. c3 Qc7 7. h3 Bh5 8.
O-O e6 9. Re1 Bd6 10. Nbd2 Nf6 11. Nf1 Bg6 12. Nh4 Bxd3 13. Qxd3 O-O 14.
Nf3 Rab8 15. a4 a6 16. Bg5 Nd7 17. Bh4 Na5 18. Bg3 Nc4 19. Bxd6 Qxd6 20. b3
Na5 21. N1d2 Rfc8 22. c4 dxc4 23. bxc4 Nf6 24. Ne5 Nc6 25. Ndf3 Rd8 26.
Red1 Qc7 27. Qe3 Nxe5 28. Nxe5 Nd7 29. c5 Nxe5 30. dxe5 Rxd1+ 31. Rxd1 Rc8
32. f4 g6 33. Rc1 Qa5 34. Rc4 b5 35. axb5 axb5 36. Rc2 b4 37. Kh2 Qb5 38.
Qd4 b3 39. Rb2 Rb8 40. Qc3 Qb4 41. Qe3 Qc4 42. c6 Rb4 43. c7 Kg7 44. c8=Q
Qxc8 45. Rxb3 Rc4 46. Qg3 Qd8 47. Rd3 Qe7 48. Rc3 Ra4 49. Rf3 h5 50. h4 Ra1
51. Qg5 Qa7 52. Qf6+ Kh6 53. Kg3 Ra2 54. Kh3 Qb7 55. Qd8 0-1